000 00877nam a2200277Ia 4500
003 OSt
005 20220925200321.0
006 a|||||r|||| 00| 0
007 ta
008 220923b |||||||| |||| 00| 0 eng d
020 _a8120202147
037 _cGeneral Book
040 _aRTL
_cRTL
_beng
041 _2eng
_aeng
082 _aY5, N3
100 _aHodge Robert W
_9257293
245 0 _aChange and strain in social hierarchies
_b Theory and method in the study of status inconsistency
260 _aDelhi
_bAjanta
_c1993
300 _aix, 444p
_ccm.
490 _aInternational Series on Contemporary Sociology
500 _aBibliography chapterwise
650 _aSocial Stratification
_9229881
700 _a Strasser Hermann Ed.
_9257294
942 _hY5, N3
_cGB
_2CC
999 _c536171
_d536171